Catálogo

Vista normal Vista MARC

Entrada Personal Name

Número de registros utilizados en: 1

001 - CONTROL NUMBER

  • control field: 17487

003 - CONTROL NUMBER IDENTIFIER

  • control field: DLC

005 - DATE AND TIME OF LATEST TRANSACTION

  • control field: 20250922134411.0

008 - FIXED-LENGTH DATA ELEMENTS

  • fixed length control field: 850905n| acannaabn |a aaa

010 ## - LIBRARY OF CONGRESS CONTROL NUMBER

  • LC control number: n 85814316

035 ## - SYSTEM CONTROL NUMBER

  • System control number: (OCoLC)oca01419302

040 ## - CATALOGING SOURCE

  • Original cataloging agency: DLC
  • Language of cataloging: spa
  • Transcribing agency: Mx-PuUPA
  • Modifying agency: DLC
  • Modifying agency: OCoLC
  • Modifying agency: Mx-PuUPA
  • Description conventions: rda

046 ## - SPECIAL CODED DATES

  • Birth date: 19831
  • Death date: 1867

100 1# - HEADING--PERSONAL NAME

  • Personal name: Ramírez Aparicio, Manuel,
  • Dates associated with a name: 1831-1867

374 ## - OCCUPATION

  • Occupation: Autor

375 ## - GENDER

  • Gender: hombre

377 ## - ASSOCIATED LANGUAGE

  • Language code: spa

400 1# - SEE FROM TRACING--PERSONAL NAME

  • Personal name: Aparicio, Manuel Ramírez,
  • Dates associated with a name: 1831-1867

670 ## - SOURCE DATA FOUND

  • Source citation: nuc85-48445: His Los conventos suprimidos en México, 1979
  • Information found: (hdg. on LNT rept.: Ramírez Aparicio, Manuel, 1831-1867; usage: Manuel Ramírez Aparicio)

670 ## - SOURCE DATA FOUND

  • Source citation: LC data base, 9/5/85
  • Information found: (hdg.: Ramírez Aparicio, Manuel, 1831-1867)